000 00559nam a2200193Ia 4500
005 20250326142158.0
008 250326s9999 xx 000 0 und d
020 _a81-203-0865-4
037 _aTextbook
040 _aFMSL
_beng
_cFMSL
041 _aeng
_2eng
084 _aX8(F182):8 N1
_qFMSL
100 _aGhezzi Carlo
245 0 _aFundamentals of software engineering
_cGhezzi Carlo And Others
260 _aNew Delhi
_bNew Delhi, Prentice-Hall
_c1997
300 _axv,573
942 _cTB
_hX8(F182):8 N1
999 _c1293806
_d1293806